000 00465nam a2200181Ia 4500
003 GCL
008 140319s9999 xx 000 0 eng d
040 _aGCL /
_cGCL
082 0 4 _a621.8
_bH H
100 1 _aHOLMES, OLIVER
245 1 0 _aHUMAN NEUROPHYSIOLOGY /
_cHOLMES, OLIVER
260 _a[S.N] :
_bCHAPMAN AND HALL MEDICAL ،
_c1993
300 _a487 P
650 0 4 _aPHYSIOLOGY
650 0 4 _aNERVOUS SYSTEM
650 0 4 _aNEURO-PHYSIOLOGY
942 _2ddc
_cBK
999 _c10225
_d10225